=LDR 00000nam 2200000 4500 =001 INLIS000000000039022 =005 20130612144658 =008 ***********************************Ind** =035 ##$$a0010-061300000039022 =041 ##$$a Ind =082 ##$$a 613.04 =090 ##$$a 613.04, Sri s =100 ##$$a Sri, Lestari =245 ##$$a Sejuta cara menjadi cantik, menarik dan sehat secara alami/Sri Lestari =260 ##$$a 2011 $b Jakarta =300 ##$$a 171 hlm., ilus., 15 cm =650 ##$$a Wanita - Kesehatan =850 ##$$a NBPNMAT =990 ##$$a 21195612/BPAP-NTB/2014